Missing Word: 'Holy' Songs Quiz Stats

 Plays Quiz Updated Jul 24, 2017

Support Sporcle.
Go Orange.
Score 0/16 Timer 02:00
0 Plays Today
Song Word % Correct
Stairway to _______Heaven
97.7%
Like a ______Prayer
91.5%
Son of a _______ ManPreacher
86.1%
Losing My _______Religion
85.7%
Have a Little _____ in MeFaith
83.4%
Take Me to ______Church
78.1%
Little _____ NickSaint
73.3%
_____ WalksJesus
68.4%
Song Word % Correct
____ GroundHoly
61.8%
_____ of HarlemAngel
61%
Sister ________Christian
48%
Build ____, Then We'll TalkGod
45.9%
Thieves in the ____Temple
21.9%
Neon ______Bible
21.9%
Electric ______ Chapel
14.3%
January ____Hymn
7.7%

Today's Daily Dose

Missing Word
FPS Games (A-Z)

Quick Pick
Cartoon Lions

Get the Picture
5, 6, 7, or 8 Movies

You're not logged in!

Compare scores with friends on all Sporcle quizzes.
OR
Log In
Forgot?

From the Vault

Double Pair Animal Matching

by MovieGuru

It helps if you're pre-paired!
Remove Ads.
Support Sporcle.
Get the best of Sporcle when you Go Orange. This ad-free experience offers more features, more stats, and more fun while also helping to support Sporcle. Thank you for becoming a member.

Show Comments

Extras

Top Quizzes Today


Score Distribution

Your Account Isn't Verified!

In order to create a playlist on Sporcle, you need to verify the email address you used during registration. Go to your Sporcle Settings to finish the process.

Report this User

Report this user for behavior that violates our Community Guidelines.

Details: